Zgadnij kto to z kwadratowej masakry - Statystyki

Ogólne statystyki
  • Ten quiz został rozwiązany 247 razy
  • Średni wynik to 4 z 10
Statystyki odpowiedzi
inf. o nim Nazwa kanału na YT % Poprawnych
Głupi jak shiba i podobny do shiby Nexe
94%
Ma....o jest w zielonych !!! Mandzio
79%
Jest bardziej tajemniczy niż buraczek Macgajster
71%
Jest średniowiecznym rycerzem Graf
58%
Wybierał tych z zielonym nickiem Nitashi
58%
Kolego tego u góry Zahaczai
23%
Najgłupszy gracz kwadratowej JaworskiTV
15%
Na samym początku edycji zginął przez Jawora Sitr0x
14%
Dawny żółty typ z uśmieszkiem skkf minecraft
13%
Miał początkowo team z Zahaczajem TheEwron
5%
Nie znaleziono quizów pasujących do podanych kryteriów
Rozkład punktacji
Procent ludzi z każdym wynikiem
Percentyl według liczby udzielonych odpowiedzi
Twoja historia wyników
Nie rozwiązałeś tego quizu